000 00632nam a2200217Ia 4500
003 BUBTL
008 151213s9999 xx 000 0 und d
082 _a348.54/M2854i
100 _aV .R. Manowar & V. Chandra Chand
_93926
245 _aThe Indian Penal Code
_cV .R. Manowar & V. Chandra Chand
250 _a30th
260 _aNew Delhi
_bWadhiva & Comp.
_cc 2009
300 _a[cxxi] ,1127p . :
_b21cm.
500 _aIncludes Index
650 _aLaw
_93927
650 _aLaw
_93927
700 _aV .R. Manowar & V. Chandra Chand
_93926
856 _k0
_l0
_yDownload
942 _2ddc
_cBK
999 _c3657
_d3657